The All India Reporter1962 (VOL-49) Saatute and articles ref (Record no. 6428)

MARC details
000 -LEADER
fixed length control field 00414nam a22001577a 4500
005 - DATE AND TIME OF LATEST TRANSACTION
control field 20200522112822.0
008 - FIXED-LENGTH DATA ELEMENTS--GENERAL INFORMATION
fixed length control field 200522b xxu||||| |||| 00| 0 eng d
041 ## - LANGUAGE CODE
Language code of text/sound track or separate title eng
082 ## - DEWEY DECIMAL CLASSIFICATION NUMBER
Classification number 345.4
100 ## - MAIN ENTRY--AUTHOR NAME
Personal name Chopra. G.R
245 ## - TITLE STATEMENT
Title The All India Reporter1962 (VOL-49) Saatute and articles ref
260 ## - PUBLICATION, DISTRIBUTION, ETC. (IMPRINT)
Place of publication Bombay
Name of publisher The All India Reporter Ltd.
Year of publication 1962
300 ## - PHYSICAL DESCRIPTION
Number of Pages 112p.
650 ## - SUBJECT ADDED ENTRY--TOPICAL TERM
Topical Term Law
942 ## - ADDED ENTRY ELEMENTS (KOHA)
Koha item type Books

No items available.